Electronic devices and circuits (Record no. 5560)

MARC details
000 -LEADER
fixed length control field 00475nam a2200169Ia 4500
003 - CONTROL NUMBER IDENTIFIER
control field SGT
020 ## - INTERNATIONAL STANDARD BOOK NUMBER
International Standard Book Number 9788131705858
082 ## - DEWEY DECIMAL CLASSIFICATION NUMBER
Classification number 621.381
Item number RAO
100 ## - MAIN ENTRY--PERSONAL NAME
Personal name Rao,B Visvesvara
245 ## - TITLE STATEMENT
Title Electronic devices and circuits
250 ## - EDITION STATEMENT
Edition statement 2nd Ed.
260 ## - PUBLICATION, DISTRIBUTION, ETC. (IMPRINT)
Name of publisher, distributor, etc Pearson
Place of publication, distribution, etc N.Delhi
Year of Publication 2011
300 ## - PAGE DESCRIPTION
No. of Pages 408p.
650 ## - SUBJECT ADDED ENTRY--TOPICAL TERM
Topical term or geographic name as entry element ELECTRONICS
653 ## - KEYWORDS--INDEX TERM
Keyword term ELCTRON DYNAMICS AND CATHODE RAY, SEMICONDUCTOR DIODES TRANSISTORS,AMPLIFIERS USING BIPOLR JUNCTION TRANSISTORS
942 ## - ADDED ENTRY ELEMENTS (KOHA)
Source of classification or shelving scheme Dewey Decimal Classification
Koha item type Books
Holdings
Withdrawn status Lost status Source of classification or shelving scheme Damaged status Not for loan Home library Current library Date acquired SGTU Total Checkouts Full call number Accession No. (Barcode) Date last seen Bill Date Koha item type
    Dewey Decimal Classification     SGT Engineering Library SGT Engineering Library 31/05/2013 SGTU   621.381 RAO FE5888 09/02/2015 09/02/2015 Books